| 000 | 00752nam a2200253 a 4500 | ||
|---|---|---|---|
| 001 | 67319 | ||
| 003 | BD-RjUL | ||
| 005 | 20211209081634.0 | ||
| 008 | 170323s1990 enkab b 001 0 eng d | ||
| 020 | _a0045520275 | ||
| 020 | _a0045520283 (alk. paper) | ||
| 035 | _a(BD-RjUL)67450 | ||
| 040 |
_aDLC _cDLC _dDLC _d(BD-RjUL) _beng |
||
| 041 | _aeng | ||
| 082 | 0 | 0 |
_223 _a552.4 _bMAP 1990 |
| 100 | 1 |
_aMason, Roger. _9199413 |
|
| 245 | 1 | 0 |
_aPetrology of The Metamorphic Rocks / _cRoger Mason. |
| 250 | _a2nd ed. | ||
| 260 |
_aLondon ; _aBoston : _bUnwin Hyman, _c1990. |
||
| 300 |
_aviii, 230 p. : _bill. ; _c25 cm. |
||
| 504 | _aIncludes bibliographical references (p. [220]-224) and index. | ||
| 650 | 0 |
_aMetamorphic rocks. _9134812 |
|
| 942 |
_2ddc _cBK |
||
| 999 |
_c67319 _d67319 |
||